Formulation, implementation, and control of competitive strategy (Бичлэгийн дугаар. 145944)
| 000 -УДИРДЛАГА | |
|---|---|
| Удирдлага | 01110nam a22003257a 4500 |
| 003 - ХЯНАЛТЫН ТОО ТОДОРХОЙЛОГЧ | |
| Код | MN-UlNUM |
| 005 - БИЧИЛТ ХИЙСЭН ОГНОО | |
| Тухайн бичилтийг бичсэн засварласан сүүлийн огноо | 20251216100915.0 |
| 008 - ЕРӨНХИЙ МЭДЭЭЛЭЛ | |
| Ерөнхий мэдээлэл | 251216s2003 maua b 001 0 eng |
| 020 ## - ISBN | |
| ISBN | 0072488522 |
| -- | 0072488524 |
| 040 ## - БИЧЛЭГ ҮҮСГЭГЧ БАЙГУУЛЛАГА | |
| Бичлэг үүсгэгч номын сангийн код | МУИС-ийн номын сан |
| 084 ## - ББК АНГИЛАЛ | |
| Нэмэлт тусгалт | Нэг сэдэвт бүтээл |
| ББК ангилал | 65.290-2 |
| Зохиогчийн гурван тэмдэгт | P 36 |
| Мэдлэгийн ялгаа | 65 - Эдийн засаг |
| 100 ## - ЗОХИОГЧ | |
| Зохиогчийн нэр | Pearce, John A |
| 245 ## - ҮНДСЭН ГАРЧИГ | |
| Номын нэр | Formulation, implementation, and control of competitive strategy |
| 250 ## - ДАХИН ХЭВЛЭЛТ | |
| Дахин гаралтын дугаар | 8th edition |
| 260 ## - ГАРАЛТЫН МЭДЭЭ | |
| Хэвлэгдсэн газар | Boston, Mass |
| Хэвлэлийн газар | McGraw-Hill/Irwin |
| Хэвлэгдсэн он | 2003 |
| 300 ## - МАТЕРИАЛЫН ТОДОРХОЙЛОЛТ | |
| хуудасны тоо | xxiv, 344, [14] p. : |
| Бусад тоон мэдээлэл | ill. ; |
| Хэмжээ | 25 cm |
| 500 ## - Тайлбар | |
| Дансны дугаар | БС 4387 |
| 505 ## - Агуулгын тэмдэглэгээ | |
| Агуулгын тэмдэглэгээ | This text looks at contemporary research in strategic management with an emphasis on conceptual tools and skills created by scholars and practitioners in the field. |
| 546 ## - ХЭЛНИЙ ТУХАЙ МЭДЭЭ | |
| Хэл | Англи хэл дээр, |
| 653 ## - Түлхүүр үг | |
| Түлхүүр үг | strategic planning |
| 653 ## - Түлхүүр үг | |
| Түлхүүр үг | case studies |
| 653 ## - Түлхүүр үг | |
| Түлхүүр үг | strategic planning |
| 700 ## - ХАМ ЗОХИОГЧИД | |
| Ба бус | Robinson, Richard |
| 740 ## - НОМЫН ГАРЧИГ | |
| Гарчиг | Overview of strategic management |
| 740 ## - НОМЫН ГАРЧИГ | |
| Гарчиг | Strategy formulation |
| 740 ## - НОМЫН ГАРЧИГ | |
| Гарчиг | Strategy implementation |
| 942 ## - ЭЛЕМЕНТИЙН ТӨРӨЛ | |
| Зүйлийн төрөл | Ном |
